Belvedere - Arte cristiana - Panorama storico dell'arte (Record n. 90618)
[ formato base ]
| 000 -LEADER | |
|---|---|
| fixed length control field | 01819nam a2200289Ia 4500 |
| 001 - CONTROL NUMBER | |
| control field | H6569 |
| 003 - CONTROL NUMBER IDENTIFIER | |
| control field | IT-RoPAU |
| 008 - FIXED-LENGTH DATA ELEMENTS--GENERAL INFORMATION | |
| fixed length control field | 130308s9999 xx 000 0 und d |
| 040 ## - CATALOGING SOURCE | |
| Original cataloging agency | IT-RoPAU |
| 040 ## - CATALOGING SOURCE | |
| Transcribing agency | IT-RoPAU |
| 041 ## - LANGUAGE CODE | |
| Language code of text/sound track or separate title | ITALIANO |
| 100 ## - MAIN ENTRY--PERSONAL NAME | |
| Personal name | Bargellini Piero |
| 100 ## - MAIN ENTRY--PERSONAL NAME | |
| Miscellaneous information | Codice Aut. SPICS: 58572 |
| 245 ## - TITLE STATEMENT | |
| Title | Belvedere - Arte cristiana - Panorama storico dell'arte |
| 245 ## - TITLE STATEMENT | |
| Remainder of title | Belvedere - Arte Cristiana - Panorama Storico dell'arte |
| 250 ## - EDITION STATEMENT | |
| Edition statement | 1a ed. |
| 260 ## - PUBLICATION, DISTRIBUTION, ETC. (IMPRINT) | |
| Place of publication, distribution, etc. | FIRENZE |
| 260 ## - PUBLICATION, DISTRIBUTION, ETC. (IMPRINT) | |
| Name of publisher, distributor, etc. | Vallecchi |
| 260 ## - PUBLICATION, DISTRIBUTION, ETC. (IMPRINT) | |
| Date of publication, distribution, etc. | 1959 [1° Ed.:1959 - Ed.Ling.Originale:1959] |
| 300 ## - PHYSICAL DESCRIPTION | |
| Extent | "366 p. (prefazione: no ; testo: 366 [pagine: 0-0])" |
| 500 ## - GENERAL NOTE | |
| General note | "Atti degli Apostoli e Chiesa di Gerusalemme. prime Missioni e Chiesa di Antiochia. San Pietro a Roma e Domus Christiana. titoli delle case Romane e Loculi dei Cimiteri Cristiani. Battesimo di Sangue e Labirinto Cristiano. vittoria Sulla Morte e Simbologia Cristiana. Santi Coronati e Sarcofaghi Cristiani. vittoria della Chiesa e Il Panegirista Eusebio. Nuova Società e Basilica Cristiana. Segno di Costantino e invenzione della croce . Libro dell'Apocalisse e mosaici del Catino Absidale. Nuova Roma e vecchia Milano. Concilio di Efeso e Santa Maria Maggiore. Galla Placidia e chiese di Ravenna. caduta dell'Impero e tomba di Re Teodorico. Santa sapienza e Cupola Sulla Basilica. Basilissa Teodora e Cortei Ravennati. Vangeli Apocrifi e Leggendariodei Santi. Nuova Idolatria e Disputa Sulle Immagini. vittoria dell'arte e Secondo Concilio di Nicea. Teschio di Cunimondo e Arte longobarda . Indici: Riassunto del Volume; tavole a Colori; indice delle Illustrazioni; indice dei Nomi e delle Cose Notevoli." |
| 650 ## - SUBJECT ADDED ENTRY--TOPICAL TERM | |
| Topical term or geographic name as entry element | STORIA UNIVERSALE DELLE ARTI VISIVE |
| 650 ## - SUBJECT ADDED ENTRY--TOPICAL TERM | |
| Relator term | Codice materia Spics: 5009 |
| 942 ## - ADDED ENTRY ELEMENTS (KOHA) | |
| Koha item type | LIBRO |
| 957 ## - | |
| -- | 1 |
| 999 ## - SYSTEM CONTROL NUMBERS (KOHA) | |
| -- | 1 |
| Withdrawn status | Lost status | Damaged status | Not for loan | Home library | Current library | Date acquired | Total Checkouts | Full call number | Date last seen | Price effective from | Koha item type | Public note |
|---|---|---|---|---|---|---|---|---|---|---|---|---|
| Buone Condizioni | Not For Loan | SPICS-MEDIATECA | SPICS-MEDIATECA | 08/03/2013 | H6569 | 08/03/2013 | 08/03/2013 | LIBRO | Progressivo inserimento: 22094 / N. Volumi: 1 Copie: 1 / data import: 1 marzo 2013 - By Epidotti, Trombetti, Vaglietti. |